Electoral Systems of the United Kingdom - Statistics

General Stats
  • This quiz has been taken 15 times
  • The average score is 3 of 5
Answer Stats
Elections Answer % Correct
General elections, English & Welsh local elections First-past-the-post
100%
European Parliament elections (England, Wales & Scotland) Closed Party List
86%
Northern Ireland Assembly, European Parliament elections (Northern Ireland), Scottish & Northern Irish local elections Single Transferable Vote
57%
Scottish Assembly, National Assembly of Wales, London Assembly Additional Member System
21%
Mayoral elections, Police Crime Commissioners elections Supplementary Vote
14%
No matching quizzes found
Score Distribution
Percent of People with Each Score
Percentile by Number Answered
Your Score History
You have not taken this quiz